1097 1834 1801 1275 1444 1798 1858 1755 1111 1427 1746 1067 1171 1760 1837 1053 1859 1191 1074 1896 1233 1647 1075 1655 1155 1134 1624 1024 1304 1489 1774 1074 1430 1293 1732 1022 1883 1055 1070 1144 1793 1127 1482 1211 1936 1927 1243 1343 1267 1178 1825 1965 1870 1666 1732 1166 1089 1941 1445 1357 1852 1090 1286 1769 1068 1553 1148 1601 1538 1959 1076 1794 1418 1738 1887 1244 1380 1835 1767 1219 1551 1729 1290 1718 1595 1098 1801 1839 1627 1082 1672 1252 1660 1718 1690 1261 1711 1941 1318 BCNSPRNW ULIB Ver.6.0+V

เปลี่ยนเป็นภาษาไทย

Change to English
 แสดงรายละเอียดบรรณานุกรม
  กลับหน้าหลัก

Brief Record : Get Marc (ISO 2709) : E-mail record : QR code < ปิดหน้าต่าง
LEADER : 00000nam 2200000uu 4500
001    13399109073
003     ULIB
008    110321s2550||||th 000 0 tha d
020    9789744140036
050  4 T58.64^bช138ก 2550
100 0  ชนวัฒน์ โกญจนาวรรณ
245 10 การจัดการสารสนเทศสำหรับผู้นำองค์กรและผู้บริหาร /^cผู้เขียนชนวัฒน์ โกญจนาวรรณ
250    พิมพ์ครั้งที่ 1
260    กรุงเทพฯ :^bเอ็กซเปอร์เน็ท,^c2550
300    242 หน้า :^bภาพประกอบ ;^c21 ซม.
500    เอกสารตำราหลักประกอบการเรียนการสอนหลักสูตรรัฐประศาสนศาสตรบัณฑิต สาขาการปกครองท้องถิ่น วิชาระบบสารสนเทศเพื่อการบริหาร (Management information systems for administration)
650  7 การจัดการทรัพยากรสารสนเทศ
650  7 ระบบสารสนเทศเพื่อการจัดการ
650  7 เทคโนโลยีสารสนเทศ^xการจัดการ
650  7 การบริหารองค์ความรู้
945    ^p220^l0^i029862
945    ^p220^l0^i029861
995    ทศพร
999 ^a ใช้งานได้ทุกระบบ
รายการนี้ยังไม่มีแท็ก
คุณยังไม่ได้ล็อกอิน คุณสามารถมีกิจกรรมร่วมกับเว็บไซต์ได้ แต่ต้องล็อกอินก่อน ::
  ล็อกอิน

รายการสื่อสารสนเทศ

ลำดับที่ ประเภท เลขเรียก/บาร์โค้ด สถานที่ สถานะ
1. การศึกษาทั่วไป
การศึกษาทั่วไป
T58.64 ช138ก 2550 ฉ.1 
  Barcode: 029861
ห้องสมุดวิทยาเขตนครสวรรค์
►หนังสือทั่วไป:l:General Books
บนชั้น
2. การศึกษาทั่วไป
การศึกษาทั่วไป
T58.64 ช138ก 2550 ฉ.2 
  Barcode: 029862
ห้องสมุดวิทยาเขตนครสวรรค์
►หนังสือทั่วไป:l:General Books
บนชั้น

รายการใกล้เคียง
    ผู้แต่ง [ชนวัฒน์ โกญจนาวรรณ]

    หัวเรื่อง [การจัดการทรัพยากรสารสนเทศ]
    หัวเรื่อง [ระบบสารสนเทศเพื่อการจัดการ]
    หัวเรื่อง [การบริหารองค์ความรู้]

BibComment


ยังไม่เคยถูกคอมเมนท์

คอมเมนท์ทรัพยากรรายการนี้
  คอมเมนท์: การจัดการสารสนเทศ..


 Copyright 2026. Bcnsprnw @Library